00822pab a2200157 454500008004000000100002000040245003400060260000900094300001300103362001000116520043800126650002800564650002000592700001800612773003400630180718b2010 xxu||||| |||| 00| 0 eng d aDasgupta, Rajib aThe missing mission in health c2010 ap.16-18. a6 Feb aThe National Urban Health Mission was supposed to address the unmet health needs of urban Indians. Yet, it has failed to commence work even 18 months after the announcement of its formation. A rapidly urbanising India has been marked by a series of epidemics of communicable diseases in the last two decades and increasing informalisation of the economy. Urban health systems, therefore, need serious and quick reforms. - Reproduced. aHealth services - India aHealth services aBisht, Ramila aEconomic and Political Weekly